000 00914nam a22002297a 4500
003 OSt
005 20260511144848.0
008 260511b |||||||| |||| 00| 0 eng d
020 _a9781529110074
040 _aKenya National Library Service
082 _a641.5954 IYE
100 _aIyer, Rukmini
_eauthor
245 _aIndia Express :
_bfresh and delicious recipes for every day /
_cRukmini Iyer
300 _a268 pages :
_bcolour illustrations ;
_c26 cm.
504 _aIncludes index
520 _aSimple, fresh and delicious East and South India-inspired recipes with a modern twist for flavourful, everyday snacks, dinners and desserts. Over 75 simple, fresh and delicious recipes from Kolkata to Chennai.
650 _aVegetarian cooking
650 _aBengari (South Asian people )
_vFood
942 _2ddc
_cBK
_n0
999 _c492671
_d492671